| 000 | nam a22 a 4500 | ||
|---|---|---|---|
| 999 |
_c3181 _d3181 |
||
| 003 | AKMAL | ||
| 005 | 20170519161257.0 | ||
| 008 | 170519t19931994my 00 eng d | ||
| 020 |
_a9679784835 (pbk.): _cRM 19.90 |
||
| 040 |
_aAKMAL _cAKMAL |
||
| 049 | _amal | ||
| 082 | 0 | 4 | _a658.312404 REE |
| 090 |
_a658.312404 _bREE |
||
| 090 | 2 | 0 |
_a658.312404 _bREE |
| 100 | 1 |
_aReeves, Martha _96553 |
|
| 245 | 1 | 0 |
_aEvaluation of training / _cMartha Reeves |
| 260 |
_aKuala Lumpur : _bPelanduk Publications, _c1994 |
||
| 300 |
_a114p. : _bil. ; _c22cm |
||
| 504 | _aBibliography: p. 113-114 | ||
| 650 |
_aEmployees _xTraining of _xEvaluation _96500 |
||
| 942 |
_2ddc _cBOOK |
||